| 000 | 00752nam a22002297a 4500 | ||
|---|---|---|---|
| 003 | 0 | ||
| 005 | 20250506123006.0 | ||
| 008 | 250506b xxu||||| |||| 00| 0 eng d | ||
| 020 | _a9786214271535 | ||
| 050 |
_aHB 172 _b.M314 2023 |
||
| 100 |
_aMarcelo, Danilo F., Jr. _e[author] |
||
| 245 |
_aMicroeconomics: _btheories and applications _cDanilo F. Marcelo, Jr. |
||
| 250 | _aSecond edition | ||
| 260 |
_aManila _bUnlimited Books Library Services & Publishing Inc. _cc2023 |
||
| 300 |
_ax, 213 pages ; _c23cm. |
||
| 504 | _aIncludes bibliographical references and glossary. | ||
| 650 | _aMicroeconomics. | ||
| 650 | _aEconomics—Mathematical models. | ||
| 650 | _aSupply and demand. | ||
| 650 | _aConsumer behavior. | ||
| 942 |
_2lcc _cBK |
||
| 999 |
_c367447 _d367447 |
||